000 00902nam a22002657a 4500
005 20170124105926.0
010 _aA-700925
020 _c00.00
_a8170246318
035 h _aA-700925
037 _bCen Lib/Ret
040 _aDPL
_bEN
082 _a330.54
_bMOH
100 _aMohammad Shabbir Khan
_96492
245 _aCurrent problem of indian economy /
_cby Mohammad Shabbir Khan
246 _b
260 _bAshish Publishing house
_c1994
_aNew Delhi
270 _bNew Delhi
_a8/81, punjabi bagh
_e110026
300 _axii, 262p.
_c20cm(Hb)
500 _a Includes appendix, bibliographical references and index
650 _aIndia -- Economic conditions
_972994
650 _aIndia -- Economic policy -- 1947
_972995
650 _aअर्थशास्त्र
_972996
650 _aयोजना एवं विकास
_93597
942 _2ddc
_cEN
_h330.54
_mMOH
999 _c123496
_d123496